Statistics for US States by Less Populous Borders

Click here to take the quiz!

General Stats

  • This quiz has been taken 262 times
  • The average score is 47 of 50

Answers on the Map

Answers color-coded by a green-red scale on the quiz's map according to % correct below.
 

Answer Stats

State% Correct
California
99%
Arizona
98%
Colorado
98%
Texas
98%
Florida
97%
Missouri
97%
New York
97%
Ohio
97%
Pennsylvania
97%
Tennessee
97%
Utah
97%
Washington
97%
Idaho
96%
Illinois
96%
Massachusetts
96%
Montana
96%
Nebraska
96%
New Hampshire
96%
Oklahoma
96%
South Dakota
96%
Alaska
95%
Georgia
95%
Iowa
95%
Kentucky
95%
Maine
95%
Michigan
95%
Minnesota
95%
Nevada
95%
North Dakota
95%
Oregon
95%
Virginia
95%
Wisconsin
95%
Wyoming
95%
Alabama
94%
Connecticut
94%
Hawaii
94%
Indiana
94%
Kansas
94%
Louisiana
94%
Maryland
94%
New Mexico
94%
North Carolina
94%
New Jersey
93%
Rhode Island
93%
Arkansas
92%
Vermont
92%
West Virginia
92%
Delaware
91%
South Carolina
91%
Mississippi
89%

Score Distribution

Percentile by Number Answered

Percent of People with Each Score

Your Score History

You have not taken this quiz